Statistics for Utah Jazz: Most Dunks Each Year

Click here to take the quiz!

General Stats

  • This quiz has been taken 218 times
    (60 since last reset)
  • The average score is 13 of 22

Answer Stats

YearPlayerDunks% Correct
2021-2022Rudy Gobert233
100%
2020-2021Rudy Gobert231
100%
2019-2020Rudy Gobert221
100%
2018-2019Rudy Gobert306
100%
2017-2018Rudy Gobert151
100%
2016-2017Rudy Gobert235
100%
2015-2016Rudy Gobert96
100%
2014-2015Rudy Gobert135
100%
2022-2023Walker Kessler130
63%
2002-2003Andrei Kirilenko109
41%
2001-2002Andrei Kirilenko101
41%
2009-2010Andrei Kirilenko73
41%
2005-2006Andrei Kirilenko71
41%
2003-2004Andrei Kirilenko100
41%
2006-2007Carlos Boozer68
41%
2004-2005Carlos Boozer54
41%
2011-2012Derrick Favors68
33%
2013-2014Derrick Favors77
33%
2012-2013Derrick Favors80
33%
2010-2011Al Jefferson74
31%
2008-2009Ronnie Brewer128
7%
2007-2008Ronnie Brewer120
7%

Score Distribution

Percentile by Number Answered

Percent of People with Each Score

Your Score History

You have not taken this quiz since the last reset